书目信息 |
| 题名: |
马铃薯种薯繁育与高产栽培
|
|
| 作者: | 王春珍 , 李岩 , 梁秀芝 主编 | |
| 分册: | ||
| 出版信息: | 太原 山西科学技术出版社 2020.6 |
|
| 页数: | 156页 | |
| 开本: | 24cm | |
| 丛书名: | ||
| 单 册: | ||
| 中图分类: | S532.038 , S532.048 | |
| 科图分类: | ||
| 主题词: | 马铃薯--种薯--良种繁育 , 马铃薯--高产栽培 | |
| 电子资源: | ||
| ISBN: | 978-7-5377-5654-9 | |
| 000 | 00967nam0 2200277 45 | |
| 001 | 012001002870 | |
| 005 | 20141010104032.0 | |
| 010 | @a978-7-5377-5654-9@dCNY32.00 | |
| 100 | @a20190212d2018 em y0chiy50 ea | |
| 101 | 0 | @achi |
| 102 | @aCN@b140000 | |
| 105 | @aa z 000yy | |
| 106 | @ar | |
| 200 | 1 | @a马铃薯种薯繁育与高产栽培@Ama ling shu zhong shu fan yu yu gao chan zai pei@b专著@f王春珍,李岩,梁秀芝主编 |
| 210 | @a太原@c山西科学技术出版社@d2020.6 | |
| 215 | @a156页@c彩图@d24cm | |
| 330 | @a本书共七章,内容包括:概况、马铃薯的特征特性、马铃薯生长与环境条件的关系、马铃薯的良种生产、马铃薯病虫害防治、马铃薯栽培技术、马铃薯的贮藏。 | |
| 606 | 0 | @a马铃薯@x种薯@x良种繁育 |
| 606 | 0 | @a马铃薯@x高产栽培 |
| 690 | @aS532.038@v5 | |
| 690 | @aS532.048@v5 | |
| 701 | 0 | @a王春珍@Awang chun zhen@4主编 |
| 701 | 0 | @a李岩@Ali yan@4主编 |
| 701 | 0 | @a梁秀芝@Aliang xiu zhi@4主编 |
| 801 | 2 | @aCN@bBJSDL@c20211018 |
| 905 | @b1350641-4@dS532.038@e133@f4 | |
| 马铃薯种薯繁育与高产栽培/王春珍,李岩,梁秀芝主编.-太原:山西科学技术出版社,2020.6 |
| 156页:彩图;24cm |
| ISBN 978-7-5377-5654-9:CNY32.00 |
| 本书共七章,内容包括:概况、马铃薯的特征特性、马铃薯生长与环境条件的关系、马铃薯的良种生产、马铃薯病虫害防治、马铃薯栽培技术、马铃薯的贮藏。 |
| ● |
| 相关链接 |
|
|
|
|
正题名:马铃薯种薯繁育与高产栽培
索取号:S532.038/133
 
预约/预借
| 序号 | 登录号 | 条形码 | 馆藏地/架位号 | 状态 | 备注 |
| 1 | 1350641 | 213506419 | 第二样本阅览室/ [索取号:S532.038/133] | 在馆 | |
| 2 | 1350642 | 213506428 | 第三借阅区/ [索取号:S532.038/133] | 在馆 | |
| 3 | 1350643 | 213506437 | 第三借阅区/ [索取号:S532.038/133] | 在馆 | |
| 4 | 1350644 | 213506446 | 第三借阅区/ [索取号:S532.038/133] | 在馆 |